000 00752cam a22002533a 4500
001 27075
003 PGUSA
005 20140828083602.0
008 081028s2008||||xxu|||||s|||||000 | eng d
040 _aPGUSA
_beng
042 _adc
050 4 _aPZ
050 4 _aLB
100 1 _aMitchell, Lucy Sprague,
_d1878-1967
245 1 0 _aHere and Now Story Book :
_bTwo- to seven-year-olds
_h[electronic resource] /
_cLucy Sprague Mitchell
260 _bProject Gutenberg,
_c2008
506 _aPublic domain in the USA.
516 _aElectronic text
653 _aChildren's stories, American
700 1 _aVan Loon, Hendrik Willem,
_d1882-1944
830 0 _aProject Gutenberg
_v27075
856 4 0 _uhttp://www.gutenberg.org/ebooks/27075
942 _cEB
999 _c256330
_d256330